La Fiera domada /
שמור ב:
| מחבר ראשי: | |
|---|---|
| מחברים אחרים: | |
| פורמט: | Texto |
| נושאים: | |
| תגים: |
הוספת תג
אין תגיות, היה/י הראשונ/ה לתייג את הרשומה!
|
MARC
| LEADER | 00000 a a2200000 04500 | ||
|---|---|---|---|
| 001 | 8087 | ||
| 003 | |||
| 040 | |||
| 100 | |a Carstens, Agusrtín | ||
| 245 | |a La Fiera domada / |c Agusrtín Carstens ; Luis I. Jácome H | ||
| 650 | |a INFLACION | ||
| 650 | |a POLITICA MONETARIA | ||
| 650 | |a POLITICA ECONOMICA | ||
| 650 | |a AMERICA LATINA | ||
| 700 | |a Jácome H, Luis I. | ||
| 773 | |g volumen 42, número 4; páginas 26-29 | ||
| 999 | |c 39115 |d 39115 | ||
